000 00306nam a2200121Ia 4500
005 20251222152720.0
008 251222s9999||||xx |||||||||||||| ||spa||
082 _a343.8/R92
100 _aC.P.C. Rueda Peves, Gregorio
245 0 _aTexto Único del Código Tributario
264 _bEdigraber
942 _cLIB
999 _c29548
_d29548